[Event "QA-ANNIV-03"]
[Site "http://www.queenalice.com/game.php?id=225622"]
[Date "2007.6.15"]
[Round "1"]
[White "Altos"]
[Black "nezitiCx"]
[Result "1-0"]
[WhiteElo "1590"]
[BlackElo "1625"]

1. e4 e5 2. Nf3 Nf6 3. Nxe5 Qe7 4. Nf3 Nxe4 5. Qe2 d5 6. d3 Nd6 7. Qxe7+ Bxe7 8.
Be2 O-O 9. Bg5 f6 10. Be3 Nf5 11. Bf4 d4 12. Bxc7 Na6 13. Bf4 Nb4 14. Bd1 Re8
15. a3 Nd5 16. Bd2 Bd6+ 17. Be2 Be6 18. O-O Rac8 19. c3 Bd7 20. Re1 Bf4 21. Bxf4
Nxf4 22. Bf1 Nh4 23. Rxe8+ Rxe8 24. Nxh4 1-0

[Event "Challenge"]
[Site "http://www.queenalice.com/game.php?id=231496"]
[Date "2007.6.27"]
[Round "-"]
[White "Kronista"]
[Black "nezitiCx"]
[Result "1-0"]
[WhiteElo "1829"]
[BlackElo "1633"]

1. e4 e5 2. Nf3 Bd6 3. Nc3 Nf6 4. Bc4 O-O 5. d3 h6 6. Nh4 Bc5 7. Nf5 d6 8. Nd5
Nxd5 9. Bxd5 Be6 10. Bxb7 Nd7 11. Bxa8 Qxa8 12. O-O Nf6 13. Kh1 h5 14. f4 Ng4
15. fxe5 Be3 16. Nxe3 Nxe5 17. Qxh5 Qc6 18. b3 f5 19. exf5 g6 20. Qg5 Nf7 21.
Qxg6+ Kh8 22. fxe6 Rg8 23. exf7 Rxg6 24. f8=Q+ Rg8 25. Qh6# 1-0

[Event "\*()*/"]
[Site "http://www.queenalice.com/game.php?id=240927"]
[Date "2007.7.16"]
[Round "-"]
[White "ulisses34"]
[Black "nezitiCx"]
[Result "0-1"]
[WhiteElo "1494"]
[BlackElo "1637"]

1. b3 e5 2. Nf3 Bc5 3. c3 Qe7 4. d4 exd4 5. cxd4 Bb4+ 6. Bd2 Bd6 7. Ng5 Nh6 8.
e4 f6 9. Qh5+ Nf7 10. Nxf7 Qxf7 11. Be2 Nc6 12. Qxf7+ Kxf7 13. Bc4+ Ke7 14. Be3
Bb4+ 15. Bd2 Bxd2+ 16. Nxd2 Nxd4 17. O-O d6 18. Rac1 Be6 19. Bd3 f5 20. Rxc7+
Kd8 21. Rxg7 b6 22. Nb1 fxe4 23. Bxe4 Rc8 24. Bd3 a5 25. Nd2 Rc3 26. Bxh7 Bd5
27. Nb1 Ne2+ 28. Kh1 Rh3 29. Re1 Nc1 30. Rxc1 R3xh7 31. Rxh7 Rxh7 32. Rd1 Rh5
33. Nc3 Bc6 34. Rxd6+ Kc7 35. Rg6 Re5 36. h3 Be8 37. Rg3 Bc6 38. Re3 Rf5 39. Nd1
Rd5 40. Re1 Rd2 41. h4 Rxa2 42. h5 Rd2 43. h6 Rd8 44. h7 Rh8 45. Re7+ Kd6 46.
Rg7 Bd5 47. f4 Be4 48. Rg8 Rxh7+ 49. Kg1 Bc2 50. Ne3 Bxb3 51. Rg6+ Kc5 52. Kf2
a4 53. Rg5+ Kc6 54. Re5 a3 55. Nf1 a2 56. Re1 Ra7 57. Ra1 Ra4 58. g3 Rd4 59. Ke3
Rd1 60. Nd2 Rxa1 61. Nxb3 Rb1 62. Nd4+ Kd5 63. Nc2 Kc5 64. f5 Rb2 65. f6 Rxc2
66. f7 Rc3+ 67. Kf4 a1=Q 68. f8=Q+ Kb5 69. Qe8+ Rc6 70. Kg4 Qd4+ 71. Kh3 Kc5 72.
Qh5+ Qd5 73. Qh7 Qg5 74. Qc2+ Kb5 75. Qd3+ Kc5 76. Qa3+ Kb5 77. Qb3+ Ka6 78.
Qd3+ Qb5 79. Qa3+ Qa5 80. Qd3+ b5 81. Qe3 b4 82. Qf3 Rh6+ 83. Kg4 Qb5 84. Qb3
Qe2+ 85. Kf5 Qh5+ 86. Kf4 Rf6+ 87. Ke4 Qf5+ 88. Kd4 Rd6+ 89. Kc4 Qb5# 0-1

[Event "partidazo"]
[Site "http://www.queenalice.com/game.php?id=251841"]
[Date "2007.8.6"]
[Round "-"]
[White "nezitiCx"]
[Black "Ivan1"]
[Result "0-1"]
[WhiteElo "1618"]
[BlackElo "1100"]

1. e4 c5 2. Bc4 d6 3. Nf3 Nf6 4. e5 Ng4 5. O-O dxe5 6. Ng5 e6 7. Qxg4 Be7 8. d3
O-O 9. Nc3 h6 10. Nxe6 Bxe6 11. Bxe6 Nc6 12. Bxh6 Bf6 13. Ne4 Re8 14. Nxf6+ Qxf6
15. Bd7 Re7 16. Bg5 Qd6 17. Bxe7 Nxe7 18. Qh3 Rd8 19. Bg4 Ng6 20. Bf5 Qf6 21.
Qh5 Kf8 22. Be4 b6 23. Rfe1 Nf4 24. Qf5 Qd6 25. Qh7 Qf6 26. Qf5 Qd6 27. Bf3 f6
28. g3 Ne6 29. Re4 Nd4 30. Bd1 Nxf5 0-1

[Event "AUTO-INT-583"]
[Site "http://www.queenalice.com/game.php?id=259096"]
[Date "2007.8.21"]
[Round "1"]
[White "pedroso"]
[Black "nezitiCx"]
[Result "0-1"]
[WhiteElo "1433"]
[BlackElo "1646"]

1. e4 Nc6 2. Nf3 d6 3. d4 Nf6 4. Nc3 e5 5. Bc4 Bg4 6. Bg5 Be7 7. dxe5 Nxe5 8.
Qd4 Nxf3+ 9. gxf3 Bxf3 10. Rg1 c5 11. Qe3 Ng4 12. Qxf3 Nxh2 13. Qxf7+ Kd7 14.
Qxg7 Rf8 15. Qxh7 Nf3+ 16. Kf1 Nxg1 17. Kxg1 Rh8 18. Qg7 Qe8 19. Nd5 Qh5 20.
Qxe7+ Kc8 21. Bh4 Qh7 22. f4 Qg6+ 23. Kf2 Qh7 24. Nc7 Rb8 25. Qxd6 Qxh4+ 26. Kf1
Qh1+ 27. Kf2 Rh2+ 28. Ke3 Rh3+ 29. Kd2 Rh2+ 30. Be2 Qg2 31. Qd3 Kxc7 32. Kc3 Rh3
0-1

[Event "AUTO-INT-583"]
[Site "http://www.queenalice.com/game.php?id=259097"]
[Date "2007.8.21"]
[Round "1"]
[White "nezitiCx"]
[Black "pedroso"]
[Result "1-0"]
[WhiteElo "1653"]
[BlackElo "1426"]

1. c4 e5 2. Nc3 Bc5 3. e3 Nf6 4. Nf3 d6 5. Ng5 Nc6 6. Nd5 O-O 7. Bd3 e4 8. Nxe4
Nxe4 9. Bxe4 Be6 10. Qh5 h6 11. b3 Ne5 12. h3 c6 13. Nf4 Qf6 14. Bb2 d5 15. cxd5
cxd5 16. Bxd5 Bxd5 17. Bxe5 Qg5 18. d4 Be7 19. Qxg5 Bxg5 20. Nxd5 b5 21. Nc7
Rac8 22. Nxb5 a6 23. Nd6 Rc6 24. Nf5 Bf6 25. Bxf6 Rxf6 26. Ne7+ Kh8 27. O-O Re8
28. Nd5 Rc6 29. Rfc1 Rxc1+ 30. Rxc1 a5 31. Rc7 Rf8 32. Ra7 f5 33. Rxa5 g5 34.
Ra6 h5 35. Rf6 Rxf6 36. Nxf6 1-0

[Event "AUTO-INT-583"]
[Site "http://www.queenalice.com/game.php?id=259110"]
[Date "2007.8.21"]
[Round "1"]
[White "nezitiCx"]
[Black "J_Moura"]
[Result "0-1"]
[WhiteElo "1623"]
[BlackElo "1906"]

1. e4 e6 2. Nc3 d5 3. e5 Ne7 4. d3 Ng6 5. Qh5 Nc6 6. Bg5 Be7 7. h4 Ncxe5 8. Nf3
Nxf3+ 9. Qxf3 Bxg5 10. hxg5 Qxg5 11. d4 Bd7 12. Rh5 Qf4 13. Ne2 Qxf3 14. gxf3 a5
15. Nc3 b6 16. Nb5 c6 17. Nc7+ Ke7 18. Nxa8 Rxa8 19. Rxh7 Kf6 20. O-O-O b5 21.
c3 b4 22. cxb4 axb4 23. Rd3 Rxa2 24. Kb1 Ra5 25. Rb3 c5 26. dxc5 Rxc5 27. Rxb4
Ne5 28. Rf4+ Kg5 29. Rhh4 f5 30. b4 Rc3 31. Be2 Be8 32. Kb2 Rc7 33. b5 Bh5 34.
Kb3 Nxf3 35. Bxf3 Bxf3 36. Rxf3 Kxh4 37. Rc3 Rb7 38. Kb4 Kg5 39. Rc6 Kf6 40. Kc5
Ke5 41. b6 g5 42. Rc7 Rb8 43. Kc6 Ke4 44. b7 e5 45. Kb6 d4 46. Ka7 Rxb7+ 47.
Rxb7 Kf3 48. Rb2 e4 49. Rb5 Kxf2 0-1

[Event "AUTO-INT-583"]
[Site "http://www.queenalice.com/game.php?id=259111"]
[Date "2007.8.21"]
[Round "1"]
[White "J_Moura"]
[Black "nezitiCx"]
[Result "1-0"]
[WhiteElo "1801"]
[BlackElo "1656"]

1. d4 d5 2. c4 dxc4 3. Nc3 Nf6 4. e3 Be6 5. Nf3 Nc6 6. Ng5 Bd5 7. Nxd5 Qxd5 8.
Nf3 Ne4 9. a3 Na5 10. Qa4+ c6 11. Ne5 c3 12. bxc3 Nxc3 13. Qb4 Nb3 14. Qxc3 Nxa1
15. Qxa1 Qa5+ 16. Bd2 Qa4 17. Qa2 e6 18. Be2 Qxa3 19. Qxa3 Bxa3 20. O-O O-O-O
21. Nxf7 Rhf8 22. Nxd8 Rxd8 23. Ra1 1-0

[Event "AUTO-INT-583"]
[Site "http://www.queenalice.com/game.php?id=259112"]
[Date "2007.8.21"]
[Round "1"]
[White "nezitiCx"]
[Black "Buffalo_Bill"]
[Result "0-1"]
[WhiteElo "1657"]
[BlackElo "1834"]

1. e4 e5 2. Nf3 Nc6 3. Nc3 Bb4 4. Nd5 Nf6 5. Ng5 Nxd5 6. exd5 Qxg5 7. h4 Qf4 8.
c3 Qe4+ 9. Qe2 Qxd5 10. cxb4 Nxb4 11. Qd1 Qe4+ 12. Qe2 Nc2+ 13. Kd1 Qxe2+ 14.
Kxe2 Nxa1 15. b3 Nc2 16. Bb2 d6 17. f3 a5 18. Kd1 Nb4 19. Ba3 Be6 20. Bb5+ c6
0-1

[Event "AUTO-INT-583"]
[Site "http://www.queenalice.com/game.php?id=259113"]
[Date "2007.8.21"]
[Round "1"]
[White "Buffalo_Bill"]
[Black "nezitiCx"]
[Result "1-0"]
[WhiteElo "1824"]
[BlackElo "1667"]

1. e4 e5 2. Nf3 Qf6 3. Bc4 Nc6 4. Nc3 Bc5 5. Nd5 Qd6 6. Ng5 Nh6 7. Qh5 O-O 8. d3
Nd4 9. Ne3 Qf6 10. c3 Nc2+ 11. Nxc2 Qxf2+ 12. Kd1 d6 13. Qe2 Ng4 14. Rf1 Qxe2+
15. Kxe2 Nxh2 16. Bxf7+ Kh8 17. Rh1 Bg4+ 18. Ke1 1-0

[Event "Challenge"]
[Site "http://www.queenalice.com/game.php?id=265431"]
[Date "2007.9.2"]
[Round "-"]
[White "nezitiCx"]
[Black "ulisses34"]
[Result "1-0"]
[WhiteElo "1647"]
[BlackElo "1482"]

1. e4 e5 2. Nf3 d6 3. Bc4 Be6 4. Na3 d5 5. exd5 Bxd5 6. Nxe5 Bxa3 7. bxa3 Bxg2
8. Nxf7 Qe7+ 9. Qe2 Bxh1 10. Nxh8 Bf3 11. Bf7+ Kd8 12. Qxe7+ Nxe7 13. Bb2 Kd7
14. Bxg7 Nf5 15. Bf6 Nh6 16. Bc4 Ng4 17. Bd4 Nc6 18. Bb5 Rxh8 19. Bxh8 1-0

[Event "Challenge"]
[Site "http://www.queenalice.com/game.php?id=265677"]
[Date "2007.9.2"]
[Round "-"]
[White "ulisses34"]
[Black "nezitiCx"]
[Result "1-0"]
[WhiteElo "1425"]
[BlackElo "1648"]

1. b3 e5 2. Bb2 Qf6 3. Nf3 Bc5 4. Bxe5 Qg6 5. Bb2 d6 6. Bc3 Nc6 7. d4 Nb4 8. Na3
Bf5 9. Nh4 Qg4 10. Nxf5 Qxf5 11. dxc5 Qg4 12. cxd6 f6 13. Bxb4 Qxb4+ 14. Qd2
Qxa3 15. d7+ Kd8 16. e4 Qb2 17. Qd1 Ne7 18. Bb5 Qc3+ 19. Kf1 Qe5 20. a4 Qxe4 21.
Rg1 Nd5 22. Qe1 Qe5 23. Qxe5 fxe5 24. a5 c6 25. Bc4 Nb4 26. c3 Nd5 27. Re1 Kxd7
28. Bxd5 cxd5 29. Rxe5 Kd6 30. f4 g6 31. Kf2 Rhe8 32. Rge1 Rac8 33. c4 dxc4 34.
Rd1+ Kc6 35. bxc4 Rcd8 36. Rde1 Rd2+ 37. Kf1 Rf8 38. R5e4 g5 39. R1e2 Rxe2 40.
Kxe2 Rxf4 41. Rxf4 gxf4 42. Kd3 Kc5 43. Kc3 h5 44. h4 b5 45. cxb5 Kxb5 46. Kd3
Kxa5 47. Ke4 f3 48. gxf3 Kb6 49. f4 Kc6 50. Ke5 Kd7 51. Kf6 Ke8 52. Kg7 a5 53.
f5 a4 54. f6 a3 55. f7+ Kd7 56. f8=Q 1-0

[Event "Challenge"]
[Site "http://www.queenalice.com/game.php?id=291040"]
[Date "2007.10.22"]
[Round "-"]
[White "nezitiCx"]
[Black "guitarsoldier"]
[Result "1-0"]
[WhiteElo "1618"]
[BlackElo "1070"]

1. e4 e5 2. Nc3 Nf6 3. Nf3 d6 4. Ng5 h6 5. Nf3 Be7 6. Bc4 O-O 7. Nd5 Nxe4 8. Qe2
Ng5 9. Nxg5 Bxg5 10. Qf3 Nc6 11. g3 Nd4 12. Qc3 c6 13. Ne3 b5 14. Bd3 Nf3+ 15.
Ke2 Nd4+ 16. Ke1 a5 17. h4 b4 18. Qc4 Ba6 19. Qxa6 1-0